Róbert Brun. Výber 1985 - 1990

Bibliographic Details
Corporate Author: Považská galéria umenia
Other Authors: Gašparíková, Marta (Translator), Bača, Vlado, 1948- (Photographer), Kupkovič, Ľudovít, 1943- (Photographer)
Format: Book
Language:Slovak
English
PhysicalDescription:28 s. 29,5 x 21 cm
Published: Žilina Považská galéria 1990
Edition:1. vyd.
Subjects:

MARC

LEADER 00000nam a2200000 a 4500
001 vtls001205119
003 SK-MaSNL
005 20260301101434.0
008 210928s1990 xo g c 00000bslo
035 |a SNK000148189 
040 |a SNK  |b slo  |c SNK  |e AACR2 
041 0 |a slo  |a eng 
044 |a xo  |c SK 
080 |a 75.071.1+76.071.1:061.4(083.9)=854=20  |2 1981 
080 |a 76.071.1  |2 1981 
080 |a 061.4(083.9)=854=20  |2 1981 
080 |a 76  |2 1981 
080 |a 069.6.02  |2 1981 
080 |a 73/76  |2 1981 
080 |a 929 Brun, Róbert  |2 1981 
245 0 0 |a Róbert Brun. Výber 1985 - 1990  |c Ivan Jančár ... [et al.] 
250 |a 1. vyd. 
260 |a Žilina  |b Považská galéria  |c 1990 
300 |a 28 s.  |c 29,5 x 21 cm 
500 |a Uspor. Považská galéria, Žilina v r. 1990. Komisár výst. a text Ivan Jančár. Prel. Marta Gašparíková. Fotogr. Vlado Bača, Ľudovít Kupkovič. Graf. úpr. Pavel Choma. 
546 |a Súbež. text angl. 
600 1 7 |a Brun, Robert,  |d 1948-  |2 SNKMA  |9 158852 
648 7 |a 1985 - 1990  |2 SNK  |9 435711 
650 0 7 |a slovenskí výtvarní umelci  |2 SNKPH  |9 83355 
650 0 7 |a maliarstvo  |2 SNKPH  |9 812 
650 0 7 |a grafika  |2 SNKPH  |9 814 
650 0 7 |a Slovak artists  |2 SNKPHeng  |9 302964 
650 0 7 |a Painting  |2 SNKPHeng  |9 294628 
650 0 7 |a Prints  |2 SNKPHeng  |9 294897 
655 7 |a katalógy výstav  |2 SNKPH  |9 70445 
700 1 |a Jančár, Ivan,  |d 1959-  |4 oth  |9 85881 
700 1 |a Gašparíková, Marta  |4 trl  |9 435712 
700 1 |a Bača, Vlado,  |d 1948-  |4 pht  |9 42661 
700 1 |a Kupkovič, Ľudovít,  |d 1943-  |4 pht  |9 240212 
700 1 |a Choma, Pavel,  |d 1950-  |4 bkd  |9 103914 
710 2 |a Považská galéria umenia  |9 253316 
958 |a BX 
958 |a OND 
999 |c 689240  |d 691170 
952 |t P60, <04>, [BOOK], {604}  |a SNK  |b SNK  |y VYP  |7 0  |p 17A0022883  |o snkOSB 8687 D1  |0 0  |1 0  |4 0  |d 1996-11-29  |l 0  |r 2005-01-01 00:00:00  |w 2026-02-23